Revista Controversias y Concurrencias Latinoamericanas

Detalles Bibliográficos
Formato: eBook
Lenguaje:español
Publicado: Montevideo: Asociacin̤ Latinoamericana de Sociologia, 2009 -
Materias:
Acceso en línea:Acceso restringido

MARC

LEADER 00000nam a22000007a 4500
005 20191025232542.0
007 cr|||| ||||
008 191025c20099999uy fr|w s|||| 0|||b1spa d
022 |a 2219-1631 
035 |a 30292 
040 |a vLex 
090 |c 9979  |d 9979 
245 0 0 |a Revista Controversias y Concurrencias Latinoamericanas  |h [Recurso electrn̤ico] / 
256 |a Servicio en ln̕ea 
260 |a Montevideo:  |b Asociacin̤ Latinoamericana de Sociologia,  |c 2009 - 
300 |a 1 recurso electrn̤ico 
310 |a Semestral 
362 |a Nð 1 (Abr. 2009) - 
506 1 |a Disponible solo en los productos indicados  |d vLex Global  |d vLex Global (Academic Edition, excluding Law Schools)  |d vLex Global (U.S. Academic Edition, Law Schools)  |d vLex Global (U.S. Academic Edition, excluding Law Schools)  |d vLex Global (Academic Edition, Law Schools) 
650 0 4 |a Derecho Pb︢lico y Administrativo  |z Uruguay 
740 0 |a vLex Revistas (Servicio en ln̕ea) 
856 4 0 |u http://vlex.com/source/revista-controversias-y-concurrencias-latinoamericanas-30292  |z Acceso restringido 
942 |c REV 
999 0 |a Public and Administrative Law